4th international conference on Bioreactor & Bioprocess Fluid Dynamics / (Record no. 559954)
[ view plain ]
| 000 -LEADER | |
|---|---|
| fixed length control field | 00538nam a2200157Ia 4500 |
| 008 - FIXED-LENGTH DATA ELEMENTS--GENERAL INFORMATION | |
| fixed length control field | 210428s9999 xx 000 0 und d |
| 020 ## - INTERNATIONAL STANDARD BOOK NUMBER | |
| International Standard Book Number | 1860580904 |
| 082 ## - DEWEY DECIMAL CLASSIFICATION NUMBER | |
| Classification number | 660.63 B6171 B |
| 100 ## - MAIN ENTRY--PERSONAL NAME | |
| Personal name | A.W Nienow |
| 9 (RLIN) | 52187 |
| 245 #0 - TITLE STATEMENT | |
| Title | 4th international conference on Bioreactor & Bioprocess Fluid Dynamics / |
| Statement of responsibility, etc. | A W Nienow |
| 260 ## - PUBLICATION, DISTRIBUTION, ETC. | |
| Name of publisher, distributor, etc. | BHR Group Conference Series |
| Place of publication, distribution, etc. | UK |
| Date of publication, distribution, etc. | 1997 |
| 300 ## - PHYSICAL DESCRIPTION | |
| Extent | 434P |
| 440 ## - SERIES STATEMENT/ADDED ENTRY--TITLE | |
| Title | BHR group conference series Publications No. 25 |
| 9 (RLIN) | 127100 |
| 760 ## - MAIN SERIES ENTRY | |
| Edition | BHR group conference series Publications No. 25 |
| 942 ## - ADDED ENTRY ELEMENTS (KOHA) | |
| Koha item type | Book |
| Source of classification or shelving scheme | |
| Withdrawn status | Lost status | Damaged status | Not for loan | Permanent Location | Current Location | Date acquired | Total Checkouts | Full call number | Barcode | Date last seen | Price effective from | Koha item type |
|---|---|---|---|---|---|---|---|---|---|---|---|---|
| School of Chemical & Materials Engineering (SCME) | School of Chemical & Materials Engineering (SCME) | 05/11/7 | 660.63 B6171 B | SCME-102 | 04/28/2021 | 04/28/2021 | Book |
